000 01125cam a22002774a 4500
999 _c6249
_d6249
001 12758033
005 20170718111842.0
008 020427s2002 mau b 001 0 eng
010 _a 2002070947
020 _a0631218009 (alk. paper)
040 _aDLC
_cDLC
_dDLC
042 _apcc
050 0 0 _aB801
_b.C66 2002
082 0 0 _a190/.9/032
_221
245 0 2 _aA companion to early modern philosophy /
_cedited by Steven Nadler.
260 _aMalden, Mass. :
_bBlackwell Pub.,
_c2002.
300 _aix, 661 p. ;
_c25 cm.
440 0 _aBlackwell companions to philosophy ;
_v23
_93342
504 _aIncludes bibliographical references and index.
650 _aPhilosophy
_y17th century
_xModern
_933141
650 _aPhilosophy,
_y18th century
_xModern
_933142
700 1 _aNadler, Steven M.,
_d1958-
_91657
906 _a7
_bcbc
_corignew
_d1
_eocip
_f20
_gy-gencatlg
942 _2lcc
_cMONOGRAPH